| 000 | 01146nas a2200337 4500 | ||
|---|---|---|---|
| 001 | BR3800028 | ||
| 003 | BR-BrBNA | ||
| 005 | 20231205081815.0 | ||
| 007 | ta | ||
| 008 | 230509b bl.|||p| |||| 00| 00por d | ||
| 040 |
_aBR-BrBNA _bpor _cBiblioteca Nacional de Agricultura |
||
| 041 | _a(Pt) | ||
| 072 | _aL73; L74 | ||
| 100 | 1 | _aGalvao, P.E. | |
| 100 | 1 | _aPereira, J. (Instituto Biologico, Sao Paulo, SP (Brazil)) | |
| 245 | 1 | _aSobre a oxidacao do acido lactico no encefalo de animais normais e em avitaminose B1. Localizacao da lesao quimica nos mamiferos e nas aves [Gallus domesticus; Doenca animal; Disturbio animal] | |
| 650 | _aDoenca animal | ||
| 650 | _aDisturbio animal | ||
| 650 | _aMamifero domestico | ||
| 650 | _aAve domestica | ||
| 650 | _aVitamina B | ||
| 650 | _aAvitaminose | ||
| 650 | _aBeriberi | ||
| 650 | _aAcido latico | ||
| 650 | _aMetabolismo animal | ||
| 650 | _aDeficiencia vitaminica | ||
| 650 | _aNutricao animal | ||
| 773 | 0 |
_tArquivos do Instituto Biologico (Brazil) _xISSN 0020-3653 _g(Aug 1938), v. 9 p. 25-37 _wBR3800028 |
|
| 909 |
_a202311 _bLúcia _c55 _dLúcia Elande |
||
| 942 |
_2AGRIS _n0 _cANA |
||
| 999 |
_c86999 _d86999 |
||